| 000 | 00684cam a22002414a 4500 | ||
|---|---|---|---|
| 008 | |||
| 020 | _a9780582381094 (pbk.) | ||
| 049 | _aMAIN | ||
| 090 |
_aTA710 _bWHI |
||
| 100 | 1 |
_aWhitlow, R. _q(Roy). |
|
| 245 | 1 | 0 |
_aBasic soil mechanics / _cRoy Whitlow. |
| 250 | _a4th ed. | ||
| 260 |
_aHarlow, England : _bPearson Prentice Hall, _cc2001. |
||
| 300 |
_axix, 571 p. : _bill. ; _c24 cm. |
||
| 500 | _aIncludes index. | ||
| 504 | _aIncludes bibliographical references. | ||
| 650 | 0 | _aSoil mechanics. | |
| 907 |
_a.b10387687 _b22-01-18 _c17-01-18 |
||
| 003 | |||
| 005 | 20230123141052.0 | ||
| 040 | _cNUST | ||
| 942 |
_cBOOKS _kTA710 _mWHI |
||
| 999 |
_c167100 _d167100 |
||